[Event "EuTCh w"]
[Site "Plovdiv BUL"]
[Date "2003.10.15"]
[Round "5"]
[White "Botsari,A"]
[Black "Andersson,C"]
[Result "1/2-1/2"]
[WhiteElo "2394"]
[BlackElo "2169"]

1.d4 d5 2.Bg5 Nf6 3.Nc3 Bf5 4.Qd2 Nc6 5.f3 Bg6 6.Nh3 Qd7 7.Nf4 O-O-O 8.e3 e6
9.h4 h6 10.Nxg6 fxg6 11.Bf4 Nh5 12.O-O-O Nxf4 13.exf4 Bd6 14.Re1 Qf7 15.g3 Kb8
16.Bh3 Rde8 17.Rh2 Qf6 18.Ne2 g5 19.fxg5 hxg5 20.hxg5 Qxf3 21.Bg2 Qf2 22.Rf1 Qxf1+
23.Bxf1 Rxh2 24.Qe3 Rf8 25.Nf4 e5 26.dxe5 Bxe5 27.Bb5 Rh1+ 28.Kd2 Bxb2 29.Ne2 d4
30.Qe4 Rh2 31.Bxc6 bxc6 32.Kd3 Rhf2 33.Nf4 Kb7 34.Kc4 Ba3 35.Qxd4 Rf3 36.Ne6 R8f5
37.Qd7 Bd6 38.Nd8+ Kb8 39.Nxc6+ Kb7 40.Nd8+ Kb8 41.Nc6+  1/2-1/2

[Event "EuTCh w"]
[Site "Plovdiv BUL"]
[Date "2003.10.18"]
[Round "7"]
[White "Agababean,N"]
[Black "Micic,J"]
[Result "0-1"]
[WhiteElo "2252"]
[BlackElo "2319"]

1.d4 Nf6 2.Bg5 c5 3.Bxf6 gxf6 4.d5 Qb6 5.Qc1 f5 6.e3 Bg7 7.c3 a6 8.Qd2 Qf6
9.a4 b6 10.Na3 d6 11.f4 O-O 12.Nf3 Bb7 13.Be2 Nd7 14.O-O Qh6 15.Nc4 Rab8
16.Rad1 b5 17.axb5 axb5 18.Na5 Ba8 19.Qc2 Nf6 20.Qxf5 Bxd5 21.Ng5 Ba8 22.Bf3 Qg6
23.Qxg6 hxg6 24.h3 Rfc8 25.e4 Ne8 26.Bg4 Rc7 27.e5 Bh6 28.h4 dxe5 29.fxe5 Bxg5
30.hxg5 e6 31.Rd2 c4 32.Rfd1 Re7 33.b4 cxb3 34.Nxb3 Bd5 35.Nd4 Rc7 36.Rb1 Rc5
37.Bf3 Nc7 38.Bxd5 Nxd5 39.c4 Nc3 40.Rb4 Rxc4 41.Rxc4 bxc4 42.Rc2 Ne4 43.Rxc4 Nxg5
44.Nc6 Rb5 45.Kf2 Kg7 46.Kg3 Nh7 47.Kf4 Nf8 48.g4 Nd7 49.g5 Nb6 50.Re4 Rb1
51.Kg4 Nd5 52.Kh4 Rc1 53.Nb4 Ne7 54.Nd3 Rh1+ 55.Kg4 Rg1+ 56.Kf4 Nd5+ 57.Kf3 Rxg5
58.Rc4 Rf5+ 59.Ke4 g5 60.Rc5 Rf1 61.Ra5 g4 62.Kd4 Rf3 63.Ra2  0-1

[Event "300 Years"]
[Site "St Petersburg RUS"]
[Date "2003.10.18"]
[Round "1"]
[White "Biriukov,I"]
[Black "Belov,Vl"]
[Result "0-1"]
[WhiteElo "2343"]
[BlackElo "2553"]

1.d4 Nf6 2.Bg5 d5 3.Bxf6 exf6 4.e3 Bd6 5.Bd3 O-O 6.Nd2 Be6 7.Qh5 f5 8.Nh3 Nd7
9.Nf4 Nf6 10.Qh3 Bxf4 11.exf4 Qd6 12.g3 Ne4 13.f3 Nxd2 14.Kxd2 Qb4+ 15.c3 Qxb2+
16.Bc2 c5 17.Rab1 Qa3 18.Rb3 Qa5 19.g4 cxd4 20.gxf5 Bd7 21.Rg1 f6 22.Kd1 d3
23.Bxd3 Ba4 24.Bc2 Bxb3 25.Bxb3 Qxc3 26.Bxd5+ Kh8  0-1

[Event "300 Years"]
[Site "St Petersburg RUS"]
[Date "2003.10.19"]
[Round "2"]
[White "Kulakov,V"]
[Black "Shariyazdanov,A"]
[Result "0-1"]
[WhiteElo "2146"]
[BlackElo "2580"]

1.d4 Nf6 2.Bg5 d5 3.Bxf6 exf6 4.e3 c6 5.c4 dxc4 6.Bxc4 Bd6 7.Nc3 O-O 8.Nge2 Nd7
9.Qd3 f5 10.a3 Nf6 11.Ng3 g6 12.O-O Qe7 13.Rfe1 Re8 14.Nf1 b5 15.Bb3 Bb7
16.Rad1 a6 17.a4 Rad8 18.Qb1 b4 19.Ne2 Kg7 20.Nd2 c5 21.h3 Bb8 22.Nf1 Ne4
23.Neg3 Nxg3 24.fxg3 Be4 25.Qa2 cxd4 26.exd4 Ba7 27.Kh2 Rxd4 28.Rxd4 Bxd4
29.Bc4 a5 30.Qb3 Qc5 31.Bb5 Bg1+  0-1

[Event "21st Muensterland Open"]
[Site "Senden GER"]
[Date "2003.10.20"]
[Round "5"]
[White "Kartsev,S"]
[Black "Nevednichy,V"]
[Result "0-1"]
[WhiteElo "2208"]
[BlackElo "2575"]

1.d4 Nf6 2.Bg5 c5 3.Nc3 cxd4 4.Qxd4 Nc6 5.Qh4 d6 6.e4 e6 7.O-O-O a6 8.f4 Qc7
9.Bxf6 gxf6 10.Nf3 b5 11.Qxf6 Rg8 12.e5 d5 13.Qh4 h6 14.Kb1 Bd7 15.Ne2 Qb6
16.Ned4 Nxd4 17.Nxd4 Bc5 18.Nb3 Be3 19.Qxh6 a5 20.g3 a4 21.Qh7 Rf8 22.Nc1 a3
23.b3 Rc8 24.h4 Bxc1 25.Kxc1 Qe3+ 26.Rd2 Qc3 27.Rd1 Qxg3 28.f5 Qe3+ 29.Rd2 Qxe5
30.Kd1 Rh8  0-1

[Event "300 Years"]
[Site "St Petersburg RUS"]
[Date "2003.10.22"]
[Round "5"]
[White "Biriukov,I"]
[Black "Vorobiov,D"]
[Result "1/2-1/2"]
[WhiteElo "2343"]
[BlackElo "2179"]

1.d4 d5 2.Bg5 Nf6 3.Bxf6 exf6 4.e3 c5 5.Nc3 Be6 6.Bb5+ Nc6 7.Nge2 a6 8.Bxc6+ bxc6
9.O-O Rb8 10.e4 Rxb2 11.exd5 cxd5 12.Re1 Be7 13.dxc5 O-O 14.Nd4 Qa5 15.Qd3 Bxc5
16.Nb3 Qa3 17.Nxc5 Qxc5 18.Na4 Qxc2 19.Nxb2 Qxb2 20.Qxa6 d4 21.a4 Bf5 22.Qb5 Qxb5
23.axb5 Rb8 24.Ra2 g5 25.Rb2 Rb6 26.Rc1 d3 27.Rc6 d2 28.Rxd2 Rxb5 29.f3 Kg7
30.g4 Be6 31.Kf2  1/2-1/2

[Event "300 Years"]
[Site "St Petersburg RUS"]
[Date "2003.10.23"]
[Round "6"]
[White "Shpagin,V"]
[Black "Elfert,A"]
[Result "1/2-1/2"]
[WhiteElo "1994"]
[BlackElo "2161"]

1.d4 Nf6 2.Bg5 c5 3.Nc3 cxd4 4.Qxd4 Nc6 5.Qh4 d6 6.O-O-O Be6 7.e4 Qa5 8.Kb1 Rc8
9.Nge2 b5 10.Nf4 b4 11.Bxf6 exf6 12.Ncd5 Be7 13.Qg3 g5 14.Nxe6 fxe6 15.Nxe7 Nxe7
16.Qxd6 Kf7 17.Bd3 Rc5 18.h4 g4 19.f4 Rd8 20.Qa6 Qc7 21.f5 e5 22.Qe6+ Kg7
23.Bc4 Rc6 24.Qf7+ Kh6  1/2-1/2

[Event "9th Medunarodni"]
[Site "Tuzla BIH"]
[Date "2003.10.24"]
[Round "10"]
[White "Pataki,G"]
[Black "Avdil,H"]
[Result "1/2-1/2"]
[WhiteElo "2367"]
[BlackElo "2221"]

1.d4 Nf6 2.Bg5 c5 3.Bxf6 gxf6 4.d5 Qb6 5.Qc1 f5 6.Na3 Bh6 7.e3 f4 8.exf4 Qb4+
9.c3 Qxf4 10.Qxf4 Bxf4 11.g3 Be5 12.f4 Bf6 13.Nb5 Na6 14.d6 e6 15.O-O-O Bd8
16.Bg2 Nb8 17.c4 Nc6 18.Bxc6 dxc6 19.d7+ Bxd7 20.Nd6+ Ke7 21.Nxf7 Rf8 22.Nxd8 Raxd8
23.Nf3 Bc8 24.Rxd8 Rxd8 25.Rd1 Rxd1+ 26.Kxd1 Bd7 27.Ne5 Be8 28.Kd2 Kf6 29.Ke3 h5
30.h3 Kf5 31.g4+ hxg4 32.hxg4+ Kf6 33.Kf2 b5 34.b3 a5 35.a4 Kg7 36.Kg3 Kh7
37.Kf3 Kg7 38.Ke3 Kf6 39.Nd3 bxa4 40.bxa4 Bg6 41.Nxc5 Ke7 42.Kd4 Kd6 43.Nxe6 Bc2
44.Nc5 Bd1 45.g5 Bc2 46.Nb7+ Ke6 47.Nxa5 Bxa4 48.c5 Kf5 49.Ke3 Ke6 50.Nb7 Bc2
51.Kd4 Kf5 52.g6 Kxf4 53.g7 Bh7 54.Nd8 Kf5 55.Nxc6 Kf6 56.Kd5 Kxg7 57.Nd4 Kf8
58.c6 Ke7 59.Kc5 Be4 60.c7 Bb7 61.Nc6+ Ke8 62.Kd6 Bc8 63.Nd8 Bd7 64.Ne6 Bc8
65.Nc5 Kf7 66.Nd3 Ke8 67.Nf4 Kf7 68.Nd5 Ke8 69.Kc6 Bh3 70.Kb6 Bc8 71.Ka7 Bh3
72.Nf6+ Ke7 73.Ne4 Bc8 74.Kb8 Bh3 75.Kb7 Bd7 76.Nc5 Bf5 77.Kc6 Bc8 78.Na4 Bd7+
79.Kc5 Bc8 80.Nb6 Bh3  1/2-1/2

[Event "TCh-FIN 2003-4"]
[Site "Finland FIN"]
[Date "2003.10.25"]
[Round "3"]
[White "Karttunen,M"]
[Black "Penttinen,J"]
[Result "1-0"]
[WhiteElo "2381"]
[BlackElo "2295"]

1.d4 Nf6 2.Bg5 d5 3.Bxf6 exf6 4.e3 c6 5.Nd2 f5 6.Ne2 Nd7 7.c4 Nf6 8.cxd5 Nxd5
9.g3 Qb6 10.a3 Be6 11.Nc4 Qc7 12.Rc1 Be7 13.Bg2 O-O 14.O-O Rfe8 15.Ne5 Rad8
16.Qc2 g6 17.Rfd1 Bg5 18.Nf4 Bxf4 19.gxf4 Nf6 20.b4 Qb8 21.Qb2 Bd5 22.b5 cxb5
23.Qxb5 Bxg2 24.Kxg2 Rd5 25.Rc5 Rxc5 26.dxc5 Qc8 27.Rc1 Ng4 28.c6 bxc6 29.Rxc6 Qa8
30.Nf3 Rc8 31.Rxc8+ Qxc8 32.h3 Nf6 33.Ne5 Ne4 34.Qb3 Qc7 35.f3 Nf6 36.a4 a5
37.Qd3 Kg7 38.Qc4 Qb7 39.h4 Nh5 40.Kh3 f6 41.Qc6 Qb3 42.Qd7+ Kg8 43.Qe8+ Kg7
44.Qe7+ Kg8 45.Qd8+ Kg7 46.Qc7+ Kf8 47.Qc4 Qb7 48.Qc6 Qb3 49.Qd6+ Kg7 50.Nd7 Qf7  1-0

[Event "9th Medunarodni"]
[Site "Tuzla BIH"]
[Date "2003.10.25"]
[Round "11"]
[White "Arapovic,V"]
[Black "Budimir,Bor"]
[Result "1-0"]
[WhiteElo "2443"]
[BlackElo "2250"]

1.d4 Nf6 2.Bg5 c5 3.d5 g6 4.Bxf6 exf6 5.e4 Bg7 6.Nc3 O-O 7.Bd3 a6 8.a4 d6
9.Nf3 Nd7 10.O-O Ne5 11.Re1 Nxd3 12.cxd3 b6 13.Nd2 f5 14.Nc4 f4 15.Qf3 Qg5
16.g3 Bg4 17.Qxf4 Qh5 18.Ne3 f5 19.exf5 gxf5 20.Qxd6 Rf6 21.Qf4 Raf8 22.Ne4 Rg6
23.Nd2 Bh6 24.Qe5 Bg7 25.Qf4 Bh6 26.Qc4 f4 27.Nxg4 Qxg4 28.d6+ Kh8 29.f3 Qh3
30.g4 Rfg8 31.Qe4 Bg7 32.d7 Rd6 33.Qxf4 Rxd7 34.Ne4 Rf8 35.Qg3 Qxg3+ 36.hxg3 Rxf3
37.Kg2 Rfxd3 38.a5 bxa5 39.Nxc5 Rd2+ 40.Kh3 Rd8 41.Rxa5 Ra8 42.b4 Rb2 43.Rxa6 Rb8
44.Rae6 Bc3 45.Re8+ Rxe8 46.Rxe8+ Kg7 47.Na4 Rb3 48.Re3  1-0

[Event "300 Years"]
[Site "St Petersburg RUS"]
[Date "2003.10.26"]
[Round "9"]
[White "Biriukov,I"]
[Black "Bryzgalin,K"]
[Result "0-1"]
[WhiteElo "2343"]
[BlackElo "2435"]

1.d4 Nf6 2.Bg5 d5 3.Bxf6 exf6 4.e3 g6 5.h4 h5 6.c4 dxc4 7.Bxc4 Bg7 8.Ne2 Nc6
9.Nbc3 O-O 10.Nf4 Ne7 11.Qd3 f5 12.f3 a6 13.Bb3 Qd6 14.Kf2 Bd7 15.Rad1 Rae8
16.g3 Bc8 17.Rd2 Rd8 18.a3 b6 19.Ncd5 Nxd5 20.Bxd5 c6 21.Ba2 a5 22.Rc1 Bb7
23.g4 hxg4 24.fxg4 c5 25.dxc5 Qf6 26.g5 Rxd3 27.gxf6 Rxd2+ 28.Ke1 Rxb2 29.fxg7 Kxg7
30.cxb6 Rxa2 31.Rc7 Rc8  0-1

[Event "300 Years"]
[Site "St Petersburg RUS"]
[Date "2003.10.26"]
[Round "9"]
[White "Kulakov,V"]
[Black "Gerasimenyk,M"]
[Result "1/2-1/2"]
[WhiteElo "2146"]
[BlackElo "2293"]

1.d4 Nf6 2.Bg5 g6 3.Bxf6 exf6 4.e3 Bg7 5.c4 O-O 6.Nc3 d6 7.Bd3 f5 8.Nge2 Nd7
9.O-O Nf6 10.e4 fxe4 11.Nxe4 Nxe4 12.Bxe4 c6 13.Re1 Bg4 14.Qd2 Qf6 15.f3  1/2-1/2

[Event "Curacao Open"]
[Site "Willemstad AHO"]
[Date "2003.10.26"]
[Round "2"]
[White "Stefanova,A"]
[Black "Ozolins,A"]
[Result "1/2-1/2"]
[WhiteElo "2497"]
[BlackElo "2289"]

1.d4 Nf6 2.Bg5 d5 3.e3 c6 4.Bxf6 exf6 5.c4 dxc4 6.Bxc4 Bd6 7.Nc3 f5 8.Nf3 O-O
9.Qc2 Nd7 10.h4 Nf6 11.h5 Qe7 12.Bd3 g6 13.O-O-O Be6 14.hxg6 hxg6 15.Qd2 Nh5
16.Nh4 Qg5 17.Qe2 Kg7 18.Nxf5+ Bxf5 19.Bxf5 Nf4 20.Qg4 Qxf5 21.Qxf5 gxf5
22.exf4 Bxf4+ 23.Kc2 Rfd8 24.d5 cxd5 25.Nxd5 Rac8+ 26.Kb3 Bg5 27.g3 Rc5 28.Nc3 Rdc8
29.Rd5 Bf6 30.Rxc5 Rxc5 31.Rd1 Bxc3 32.bxc3 Rb5+ 33.Kc2 Ra5 34.Kb3 Rb5+ 35.Kc2 Ra5  1/2-1/2

[Event "CCAS Open"]
[Site "Cap d'Agde FRA"]
[Date "2003.10.28"]
[Round "7"]
[White "Miladinovic,I"]
[Black "Tirard,H"]
[Result "1-0"]
[WhiteElo "2599"]
[BlackElo "2421"]

1.d4 Nf6 2.Bg5 c5 3.dxc5 Na6 4.c3 Nxc5 5.Nd2 b6 6.e4 Qc7 7.Qc2 Nfxe4 8.Nxe4 Qe5
9.f3 f5 10.O-O-O fxe4 11.Nh3 Bb7 12.Bc4 O-O-O 13.Bf4 Qf5 14.Rhe1 d6 15.fxe4 Bxe4
16.Qe2 Bc6 17.b4 Nd7 18.Be6 Qf6 19.Rd4 Kb8 20.Ng5 Ne5 21.h4 Re8 22.Bxe5 dxe5
23.Rc4 Bb5 24.Rf1 Bxc4 25.Qxc4 Qg6 26.Rd1  1-0

[Event "18th Open"]
[Site "Le Touquet FRA"]
[Date "2003.10.29"]
[Round "4"]
[White "Andrieu,P"]
[Black "Georgiev,Kr"]
[Result "0-1"]
[WhiteElo "1948"]
[BlackElo "2452"]

1.d4 Nf6 2.Bg5 c5 3.dxc5 e6 4.Nc3 Bxc5 5.e3 d5 6.Nf3 a6 7.Bd3 Bb4 8.Qd2 Qa5
9.O-O Ne4 10.Bxe4 dxe4 11.Rfd1 f6 12.Ne5 O-O 13.Qe2 Bxc3 14.bxc3 Qxe5 15.Bf4 Qb5
16.c4 Qf5 17.Bd6 Re8 18.Rab1 Nc6 19.c5 e5 20.c3 Qg6 21.Rd2 Qf7 22.Rdb2 Nd8
23.Qc2 Be6 24.Qa4 Bd5 25.Rb6 Bc6 26.Qc2 Qd7 27.R1b4 Nf7 28.Qb3 Rad8 29.h3 Qe6
30.Qc2 Nxd6 31.cxd6 Rxd6 32.c4 Red8 33.c5 Rd1+ 34.Kh2 R1d2 35.Qxe4 Rxf2 36.Rxc6 Qxc6
37.Qg4 Rdd2  0-1

[Event "WYb18"]
[Site "Halkidiki GRE"]
[Date "2003.10.31"]
[Round "9"]
[White "Pixton,A"]
[Black "Nyback,T"]
[Result "1/2-1/2"]
[WhiteElo "2445"]
[BlackElo "2497"]

1.d4 Nf6 2.Bg5 d5 3.e3 c5 4.Bxf6 gxf6 5.Nf3 Nc6 6.dxc5 e6 7.Be2 Bxc5 8.Nbd2 f5
9.O-O Bb6 10.c4 d4 11.c5 Bxc5 12.Nb3 Bb6 13.Nbxd4 Nxd4 14.exd4 O-O 15.Qd2 Qf6
16.Qf4 Bd7 17.Ne5 Rad8 18.Rad1 Kh8 19.d5 exd5 20.Nxd7 Rxd7 21.Bd3 Re7 22.Qf3 Re5
23.Bc2 Rfe8 24.Rxd5 Rxd5 25.Qxd5 Re2 26.Qd3 Qe5 27.g3 Kg7 28.b4 Bd4 29.Bb3 b5
30.Qf3 Rb2 31.Qb7 Kh6 32.Qc6+ f6 33.Qa8 Qe7 34.Qg2 Qe4 35.Bd5 Qxg2+ 36.Kxg2 Rxb4
37.Rd1 Kg6 38.Rd2 Bb6 39.f4 Rb1 40.Bc6 a5 41.Bd7 b4 42.Ba4 Be3 43.Re2 Bd4
44.Bb3 h5 45.h4 Ra1 46.Rd2 Bc3 47.Re2 Rb1 48.Kf3 Rg1 49.Kf2 Bd4+ 50.Kf3 Rc1
51.Kg2 Rc3 52.Kh2 Be3 53.Kg2 Kg7 54.Kf3 Bd4+ 55.Kg2 Be3  1/2-1/2

[Event "Autumn"]
[Site "Venice ITA"]
[Date "2003.11.01"]
[Round "4"]
[White "Vianello,E"]
[Black "Zanin,D"]
[Result "1-0"]
[WhiteElo "2115"]
[BlackElo "2039"]

1.d4 Nf6 2.Bg5 g6 3.Bxf6 exf6 4.e3 Bg7 5.g3 O-O 6.Bg2 d5 7.Ne2 c6 8.O-O f5
9.b3 Nd7 10.Nd2 Nf6 11.c3 Ne4 12.Rc1 Be6 13.Qc2 Qe8 14.c4 Rc8 15.Qd3 g5 16.Rc2 f6
17.Nc3 Qg6 18.cxd5 cxd5 19.Rfc1 h5 20.Qb5 Qf7 21.Nf1 Rfd8 22.Qa5 b6 23.Qa6 Bf8
24.Nxe4 Rxc2 25.Nxf6+ Qxf6 26.Rxc2 Qf7 27.f4 gxf4 28.exf4 Bg7 29.Qd3 Qf6
30.Rd2 Bf8 31.Ne3 Qf7 32.Bh3 Rc8 33.Bxf5 Rc1+ 34.Kf2 Bb4 35.Re2 Rc3 36.Qb5 Bxf5
37.Qxb4 Rc8 38.Nxf5 Qxf5 39.Qd6 Rc2 40.Qb8+ Rc8 41.Qe5 Qf7 42.Qe6 Rc7 43.Qxf7+ Kxf7
44.Ke3 Kf6 45.Kd3 h4 46.Re5 hxg3 47.hxg3 Rg7 48.Rg5 Rxg5 49.fxg5+ Kxg5 50.Ke3 Kg4
51.Kf2 Kg5 52.Kf3 Kf5 53.g4+ Kg5 54.Kg3  1-0

[Event "ch-UKR"]
[Site "Simferopol UKR"]
[Date "2003.11.04"]
[Round "1"]
[White "Dmitrenko,V"]
[Black "Lisitza,S"]
[Result "1-0"]
[WhiteElo "2380"]
[BlackElo "2056"]

1.d4 Nf6 2.Bg5 g6 3.Nf3 d6 4.Nbd2 Bg7 5.c3 O-O 6.e4 Nbd7 7.Bd3 e5 8.O-O c6
9.Re1 Qc7 10.a4 b6 11.Qc2 Bb7 12.dxe5 dxe5 13.b4 h6 14.Bh4 g5 15.Bg3 Nh5
16.Nc4 Nf4 17.Bf1 c5 18.b5 f5 19.Nfd2 Nxg2 20.Bxg2 f4 21.Qd3 fxg3 22.fxg3 Nf6
23.Qe2 Bc8 24.Ne3 Be6 25.Ndc4 Rad8 26.Red1 Rfe8 27.Rxd8 Rxd8 28.Rd1 Ne8 29.Rxd8 Qxd8
30.Bf3 Qd7 31.Bg4 Nd6 32.Nxd6 Qxd6 33.Bxe6+ Qxe6 34.Qc4 Qxc4 35.Nxc4 g4 36.h3 gxh3
37.Nd6 Bf8 38.Nc4 Kf7 39.Kh2 Ke6 40.Ne3 c4 41.Nxc4 Bc5 42.Kxh3 Bf2 43.Nb2 Be1
44.c4 Bd2 45.Kg4 Be1 46.Nd3 Bd2 47.Kh5 Be3 48.Kg6 Bg5 49.c5 bxc5 50.Nxc5+ Kd6
51.Nd3 Bd2 52.Kf5 Bc3 53.g4 Bd4 54.Kg6 Be3 55.a5 Bd2 56.b6 a6 57.Nxe5 Bxa5
58.Nc4+ Kc6 59.Nxa5+ Kxb6 60.e5  1-0

[Event "TCh-CZE Extraliga 2003-4"]
[Site "Czech Rep CZE"]
[Date "2003.11.08"]
[Round "1"]
[White "Jirovsky,Pa"]
[Black "David,P"]
[Result "0-1"]
[WhiteElo "2400"]
[BlackElo "2423"]

1.d4 Nf6 2.Bg5 c5 3.dxc5 Qa5+ 4.Qd2 Qxc5 5.Nc3 d6 6.e4 Nbd7 7.Be3 Qa5 8.f3 a6
9.Bc4 e6 10.Nge2 Be7 11.O-O Qc7 12.Bb3 O-O 13.a3 b5 14.Nd4 Ne5 15.Qe2 Bd7
16.a4 b4 17.Na2 Qb7 18.Bf2 Nc6 19.Nxc6 Bxc6 20.Nc1 Nd7 21.Nd3 e5 22.Rfd1 Rad8
23.Qe3 Ra8 24.Bc4 Kh8 25.Qd2 a5 26.Ne1 Nb6 27.Bxb6 Qxb6+ 28.Qf2 Qb7 29.Bd5 Rac8
30.Kh1 Bd8 31.Qe2 Bb6 32.Bxc6 Rxc6 33.Rd5 Qc7 34.Rad1 Bd4 35.b3 Rc8 36.f4 Rc5
37.Rxc5 Qxc5 38.fxe5 dxe5 39.h3 h6 40.Kh2 Kg8 41.Rd3 Rc6 42.Rf3 Qe7 43.Qf1 Rc7
44.Qb5 Rc5 45.Qf1 Qe6 46.Qe2 Qc6 47.Rd3 Qc7 48.Rf3 Rc6 49.Qb5 Ba7 50.Kh1 Re6
51.Kh2 Bd4 52.Qe2 Rg6 53.Qb5 Re6 54.Qe2 Rb6 55.Qf1 Re6 56.Qe2 g6 57.Qb5 Kg7
58.Qd5 Ba7 59.Qb5 Bb6 60.Qd5 Qe7 61.Nd3 Bd4 62.Qxa5 Bc3 63.Qd5 Rf6 64.Qc5 Qd8
65.Rxf6 Qxf6 66.Qf2 Qc6 67.Qe2 Qc7 68.Ne1 Bb2 69.Nf3 Bc1 70.g3 Bb2 71.h4 Qc5
72.Ne1 Qc7 73.h5 Bc3 74.Nd3 Qc8 75.hxg6 fxg6 76.Nf2 Qc5 77.Kg2 h5 78.Nd3 Qc6
79.Kh2 Qb6 80.Kg2 Qc6 81.Nf2 Qb6 82.Nh3 Qd8 83.Qd3 Bd4 84.Qc4 h4 85.Qxb4 hxg3
86.Kxg3 Qc7 87.Qc4 Qa5 88.Qe2 Ba7 89.Kg2 Qc5 90.Qd3 Kh6 91.c3 g5 92.Qd2 Qe7
93.b4 Kh5 94.Ng1 g4 95.Ne2 Kg6 96.Ng3 Qh4 97.Qd6+ Kf7 98.Qd7+ Kf8 99.Qg7+ Ke8
100.Qxe5+ Kd8 101.Qh5 Qf6 102.Qxg4 Qxc3 103.Qg8+ Kc7 104.Qf7+ Kb8 105.Qe8+ Kc7
106.Qe7+ Kb8 107.Qd8+ Kb7 108.Qd7+ Kb8 109.Qd6+ Kb7 110.a5 Qb2+ 111.Kh3 Qh8+
112.Kg4 Qg7+ 113.Kf5 Bb8 114.Qb6+ Kc8 115.Qe6+ Kb7 116.Nh5 Qf8+ 117.Kg6  0-1

[Event "TCh-AUT B Mitte 2003-4"]
[Site "St Veit AUT"]
[Date "2003.11.08"]
[Round "1"]
[White "Aschenbrenner,R"]
[Black "Kaspret,G"]
[Result "1-0"]
[WhiteElo "2243"]
[BlackElo "2319"]

1.d4 Nf6 2.Bg5 d5 3.Nc3 c6 4.e3 Nbd7 5.f4 e6 6.a3 Be7 7.Bd3 c5 8.Nf3 h6 9.Bxf6 Bxf6
10.O-O Qb6 11.Kh1 c4 12.Be2 Qxb2 13.Qd2 Qb6 14.e4 dxe4 15.Nxe4 Qc6 16.Nxf6+ Nxf6
17.Ne5 Qc7 18.Bxc4 O-O 19.Rae1 b6 20.Re3 Bb7 21.Qe1 Rfd8 22.c3 Bd5 23.Bd3 Qb7
24.Qe2 Qc7 25.Rg3 Qd6 26.Ng4 Nxg4 27.Qxg4 Qf8 28.c4 Bb7 29.c5  1-0

[Event "TCh-SWE 2003-4"]
[Site "Malmo SWE"]
[Date "2003.11.09"]
[Round "1"]
[White "Lindberg,Bo"]
[Black "Pepic,R"]
[Result "1-0"]
[WhiteElo "2294"]
[BlackElo "2270"]

1.d4 Nf6 2.Bg5 d5 3.e3 Nbd7 4.Nf3 Ne4 5.Bf4 e6 6.Bd3 Bd6 7.Bxd6 Nxd6 8.Nbd2 O-O
9.c4 dxc4 10.Nxc4 Nxc4 11.Bxc4 c5 12.O-O cxd4 13.Nxd4 e5 14.Nb5 a6 15.Nd6 Qe7
16.Rc1 Nb6 17.Bxf7+ Rxf7 18.Nxf7 Kxf7 19.Qb3+ Qe6 20.Rc7+ Kf6 21.Qb4 Bd7
22.Rd1 Rc8 23.Rdxd7  1-0

[Event "Ralston IM"]
[Site "San Francisco USA"]
[Date "2003.11.09"]
[Round "11"]
[White "Poehlmann,R"]
[Black "De Guzman,R"]
[Result "1/2-1/2"]
[WhiteElo "2192"]
[BlackElo "2417"]

1.d4 Nf6 2.Bg5 d5 3.Bxf6 exf6 4.e3 c6 5.Nd2 Bd6 6.c4 dxc4 7.Bxc4 O-O 8.Ne2 c5
9.Ne4 cxd4 10.Nxd6 Qxd6 11.Qxd4  1/2-1/2

[Event "TCh-AUT B Mitte 2003-4"]
[Site "St Veit AUT"]
[Date "2003.11.09"]
[Round "2"]
[White "Riedner,M"]
[Black "Linhart,W"]
[Result "1/2-1/2"]
[WhiteElo "2189"]
[BlackElo "2245"]

1.d4 Nf6 2.Bg5 g6 3.Nf3 Bg7 4.Nbd2 d5 5.e3 O-O 6.Bd3 c5 7.c3 Nbd7 8.h3 Qb6
9.Rb1 Re8 10.b4 c4 11.Be2 e5 12.O-O h6 13.Bh4 e4 14.Nh2 g5 15.Bg3 Nf8 16.f3 Bf5
17.Ng4 Bxg4 18.fxg4 Ng6  1/2-1/2

[Event "7th BayEM"]
[Site "Bad Wiessee GER"]
[Date "2003.11.11"]
[Round "4"]
[White "Schenk,A"]
[Black "Schuette,Man"]
[Result "1/2-1/2"]
[WhiteElo "2499"]
[BlackElo "2291"]

1.d4 Nf6 2.Bg5 d5 3.Bxf6 exf6 4.e3 Bd6 5.c4 dxc4 6.Bxc4 O-O 7.Nc3 c6 8.Nge2 Be6
9.Bxe6 fxe6 10.Qb3 Qe7 11.O-O Na6 12.Ne4 Bc7 13.Rac1 Rae8 14.Rfd1 Kh8 15.a3 Rf7
16.Rd3 Rd8 17.Rcd1 Qe8 18.Kh1 Bb8 19.Qc4 Rfd7 20.N2g3 h6 21.b4 Bxg3 22.Nxg3 e5
23.dxe5 Rxd3 24.Rxd3 Rxd3 25.Qxd3 Qxe5 26.h4 Qc7 27.Nf5 c5 28.b5 c4 29.Qe4 c3
30.Qe8+ Kh7 31.Ne7 Qc4 32.Qg6+ Kh8 33.Qe8+ Kh7  1/2-1/2

[Event "1st Chesspangenberg Open"]
[Site "Buenos Aires ARG"]
[Date "2003.11.11"]
[Round "7"]
[White "Calderon Fernandez,G"]
[Black "Lo Presti,R"]
[Result "1-0"]
[WhiteElo "2250"]
[BlackElo "2042"]

1.d4 Nf6 2.Bg5 c5 3.d5 Qb6 4.Nc3 Qxb2 5.Bd2 Qb6 6.e4 d6 7.Be2 g6 8.g4 Bg7
9.g5 Nfd7 10.Rb1 Qd8 11.f4 a6 12.a4 e6 13.dxe6 fxe6 14.h4 b6 15.Bc4 Bb7 16.Bxe6 Nf8
17.Bd5 Nc6 18.h5 Qc7 19.h6 Bd4 20.Nce2 O-O-O 21.Nxd4 Nxd4 22.c3 Bxd5 23.exd5 Re8+
24.Kf2 Nf5 25.c4 a5 26.Qb3 Nd7 27.Qb5 Re4 28.Nf3 Nd4 29.Qa6+ Qb7 30.Qxb7+ Kxb7
31.Rhe1 Rhe8 32.Nxd4 cxd4 33.Rxe4 Rxe4 34.Re1 Rxe1 35.Kxe1 Nf8 36.Bc1 Kc7
37.Bb2 Nd7 38.Bxd4 Kd8 39.f5 Nf8 40.Bg7 Ke8 41.fxg6 Nxg6 42.Bd4 Nf4 43.Kd2 Nh3
44.g6 Ng5 45.g7 Kf7 46.Bxb6  1-0

[Event "7th BayEM"]
[Site "Bad Wiessee GER"]
[Date "2003.11.12"]
[Round "5"]
[White "Wiley,To"]
[Black "Stern,R"]
[Result "1/2-1/2"]
[WhiteElo "2317"]
[BlackElo "2484"]

1.d4 Nf6 2.Bg5 d5 3.Bxf6 exf6 4.e3 Bd6 5.Nd2 O-O 6.g3 c6 7.Bg2 f5 8.Ne2 Nd7
9.O-O Nf6 10.c4 dxc4 11.Nxc4 Bc7 12.Qc2 Qe7 13.Nc3 Be6 14.b3 Rad8 15.Nb2 Rfe8
16.Nd3 g6 17.Nc5 Bc8 18.b4 Bd6 19.Rac1 a6 20.a4 h5 21.h4 Ng4 22.Rfe1 f4 23.exf4 Qxe1+
24.Rxe1 Rxe1+ 25.Bf1 Bxc5 26.bxc5 Rxd4 27.Kg2 Bf5 28.Qb2 Rd7 29.Be2 Nf6 30.f3 Nd5
31.Kf2 Rh1 32.Kg2 Re1 33.Kf2 Rh1 34.Kg2 Re1  1/2-1/2

[Event "TCh-ESP Final"]
[Site "Sanxenxo ESP"]
[Date "2003.11.18"]
[Round "2"]
[White "Alvarez Ibarra,R"]
[Black "Rodriguez,Am"]
[Result "1/2-1/2"]
[WhiteElo "2421"]
[BlackElo "2482"]

1.d4 Nf6 2.Bg5 d5 3.Bxf6 gxf6 4.e3 c5 5.dxc5 e6 6.Nc3 Bxc5 7.Qg4 Nc6 8.O-O-O Bd7
9.Qg7 Ke7 10.Qh6 Ne5 11.Nf3 Nxf3 12.gxf3 Bb4 13.Ne2 Qa5 14.Kb1 Rac8  1/2-1/2

[Event "Claude Pecaut Mem"]
[Site "Taormina ITA"]
[Date "2003.11.18"]
[Round "4"]
[White "Ljubisavljevic,Z"]
[Black "Estremera Panos,S"]
[Result "1/2-1/2"]
[WhiteElo "2316"]
[BlackElo "2350"]

1.d4 Nf6 2.Bg5 d5 3.c3 g6 4.Bxf6 exf6 5.e3 Bd6 6.c4 dxc4 7.Bxc4 O-O 8.Nc3 Nd7
9.h4 Nb6 10.Bb3 h5 11.Nge2 Qe7 12.e4 c6 13.Qd3 Kg7 14.g3 Rd8 15.Rd1 f5 16.f3 c5
17.O-O f4 18.gxf4 cxd4 19.Qxd4+ Kh7 20.Kg2 Bc5 21.Qe5 Qxh4 22.Qxc5 Bh3+ 23.Kg1 Bxf1
24.Rxf1 Rac8 25.Qg5 Qxg5+ 26.fxg5 Kg7 27.Nf4 Rd2 28.Rf2 Rxf2 29.Kxf2 Nc4
30.Bxc4 Rxc4 31.Nfd5 h4 32.Kg2 Rd4 33.Kh3 Rd2 34.b4 Rd3 35.Kxh4 Rxf3 36.a4 Rf1
37.Kg4 Kf8 38.a5 Ke8 39.Nb5 Kd7 40.Nxa7 Kd6 41.Ne3 Rb1 42.b5 Ke5 43.Kf3 Rb3
44.a6 bxa6 45.bxa6 Kd4 46.Kf4 Rxe3 47.Nc6+ Kd3 48.Nb4+ Kd2 49.Nc2 Rc3 50.a7 Rc8
51.Nb4 Ra8 52.Nc6 Kd3 53.Ke5 Ke3 54.Kf6 Kxe4 55.Kxf7 Kf5 56.Ne7+ Kxg5 57.Nxg6 Rxa7+
58.Ne7 Rc7 59.Ke6  1/2-1/2

[Event "Open Bali A"]
[Site "Benidorm ESP"]
[Date "2003.11.24"]
[Round "5"]
[White "Garcia Gonzalez,F"]
[Black "Sanchez Romero,M"]
[Result "1/2-1/2"]
[WhiteElo "2129"]
[BlackElo "2199"]

1.d4 Nf6 2.Bg5 c5 3.c3 cxd4 4.Bxf6 gxf6 5.cxd4 Qb6 6.Qc2 Nc6 7.e3 d6 8.a3 Bd7
9.Bd3 h5 10.Nc3 Rg8 11.Nge2 Bh6 12.b4 Rc8  1/2-1/2

[Event "Open Bali A"]
[Site "Benidorm ESP"]
[Date "2003.11.24"]
[Round "5"]
[White "Rodriguez Gonzalez,J"]
[Black "Gimeno Martos,R"]
[Result "1-0"]
[WhiteElo "2249"]
[BlackElo "2131"]

1.d4 Nf6 2.Bg5 g6 3.Bxf6 exf6 4.c4 Bg7 5.Nc3 O-O 6.e3 d6 7.Nge2 f5 8.g3 Nd7
9.Bg2 c6 10.O-O Nf6 11.Qd3 Re8 12.b4 Qe7 13.b5 Bd7 14.Rab1 Rab8 15.Rb3 cxb5
16.Nxb5 a6 17.Nbc3 Bc6 18.Nf4 Qd8 19.Ncd5 Nd7 20.Rfb1 h5 21.h4 Nf8 22.Nf6+ Bxf6
23.Bxc6 bxc6 24.Rxb8 Qxb8 25.Rxb8 Rxb8 26.Qc2 Rb4 27.Ne2 Ne6 28.a3 Rb6 29.Kg2 c5
30.Nc3 Rb8 31.Nd5 Bg7 32.Ne7+ Kh7 33.Nc6 Rb6 34.d5 Nc7 35.Qa4 Ne8 36.Nd8 Nf6
37.Nxf7 Ng4 38.Qe8 Rb7 39.Ng5+ Kh6 40.Qg8  1-0

[Event "13th WSen Women"]
[Site "Bad Zwischenahn GER"]
[Date "2003.11.25"]
[Round "7"]
[White "Abdikasova,P"]
[Black "Litinskaya,M"]
[Result "0-1"]
[WhiteElo "2006"]
[BlackElo "2348"]

1.d4 Nf6 2.Bg5 d5 3.Bxf6 exf6 4.e3 c6 5.Nd2 Be6 6.c3 Nd7 7.Bd3 f5 8.Ne2 Nf6
9.f3 Bd6 10.Qc2 g6 11.g3 Qe7 12.Kf2 O-O 13.Rae1 Rae8 14.Nc1 Bc8 15.h4 Nh5
16.Nf1 f4 17.g4 Nf6 18.Re2 fxe3+ 19.Rxe3 Qc7 20.Rxe8 Rxe8 21.Ne2 Bxg4 22.fxg4 Nxg4+
23.Kg2 f5 24.Qd2 f4 25.Rh3 Rf8 26.Rf3 Qf7 27.Qc1 Qf6 28.Qe1 Qe7 29.a3 Kg7
30.Nh2 h5 31.Nf1 Qf6 32.Ng1 Rf7 33.Nh3 Re7 34.Qd2 Qxh4 35.Nxf4 Nf6 36.Qf2 Qg4+
37.Qg3 g5 38.Nxh5+ Qxh5 39.Qxd6 Rf7 40.Ng3 Qxf3+ 41.Kxf3 Ne4+ 42.Kg4 Nxd6
43.Kxg5 Rf2 44.b4 Ra2 45.Kf4 Rxa3 46.Ne2 b6 47.Kf3 Kf6 48.Ke3 Nc4+ 49.Kf4 Ke6
50.Bxc4 dxc4 51.Ke4 Ra2 52.Ng3 Rc2 53.Nf5 Kd7 54.d5 cxd5+ 55.Kxd5 Rxc3 56.Nd4 a6
57.b5 a5 58.Ne2 Re3 59.Nc1 Rh3 60.Kxc4  0-1